EL SOCIALISMO /

Salvato in:
Dettagli Bibliografici
Autore principale: Manríquez y Zarate, José de Jesús (autor)
Natura: Libro
Soggetti:
Tags: Aggiungi Tag
Nessun Tag, puoi essere il primo ad aggiungerne!!

MARC

LEADER 00000nam^a2200000^a^4500
001 000257606
005 20250526000000.0
009 20260310110255.988
035 |a C54461 
037 |a Acervo Xavier Clavigero 
082 |a 335. 43  |b MAN 
100 |a Manríquez y Zarate, José de Jesús  |e (autor) 
245 1 3 |a EL SOCIALISMO /  |c JOSE DE JESUS MANRIQUEZ Y ZARATE, OBISPO DE HUEJUTLA 
264 |a MEXICO :  |b PAGF,  |c 1936 
300 |a 183 p. :  |b retrs. 
336 |a texto  |b txt  |2 rdacontenido 
337 |a sin mediación  |b n  |2 rdamedio 
338 |a volumen  |b nc  |2 rdasoporte 
649 |a XX 
650 |a Socialismo 
650 |a Comunismo 
650 |a * SOCIALISMO Y RELIGION. 
910 |a Fondo Jesús Gómez Fregoso S.J. FXC 
920 |a Impresos - Libros 
930 |a Libros Antiguos y Raros 
940 |a Guerra Cristera 
905 |a 110 
901 |a 054461  |b IT2  |c LRA  |i C54461  |u 20250526 
901 |a 025249  |b IT2  |c LRA  |i C25249  |u 20250526 
901 |a 000550  |b IT2  |c LRA  |i C00550  |u 20250526 
901 |a 000005  |b IT2  |c LRA  |i C00005  |u 20250526 
902 |a https://opac.biblio.iteso.mx/vufind/Record/000257606